Tales from Shakespeare
Gardado en:
| Autor Principal: | |
|---|---|
| Formato: | Libro |
| Idioma: | Undetermined |
| Publicado: |
New York, Estados Unidos
E. P. Dutton & Company
1907
|
| Materias: | |
| Etiquetas: |
Engadir etiqueta
Sen Etiquetas, Sexa o primeiro en etiquetar este rexistro!
|
MARC
| LEADER | 00000nam a2200000Ia 4500 | ||
|---|---|---|---|
| 008 | 170316s9999 xx 000 0 und d | ||
| 999 | |c 12910 |d 12910 | ||
| 040 | |a cru BVZT | ||
| 090 | |a C-820 L-1t | ||
| 100 | |a Lamb, Charles; Lamb, Mary | ||
| 245 | |a Tales from Shakespeare | ||
| 260 | |a New York, Estados Unidos | ||
| 260 | |b E. P. Dutton & Company | ||
| 260 | |c 1907 | ||
| 300 | |a 327 páginas | ||
| 650 | |a LITERATURA INGLESA |9 12 | ||
| 650 | |a CRÍTICA | ||
| 650 | |a EN IDIOMA INGLÉS |9 129 | ||
| 650 | |a CUENTOS DE SHAKESPEARE | ||
| 942 | |c 15 D |h C-820 L-1t |2 z | ||
